000 00343nam a2200145Ia 4500
003 OSt
005 20240301100010.0
008 170524s9999 xx 000 0 und d
020 _a978-0868404530
040 _ciimtu meerut
100 _aGRANATO- L
245 0 _aNEWSPAPER FEATURE WRITING
260 _bANMOL PUB. : NEW DELHI
942 _2ddc
_c02
999 _c9220
_d9220